1770 1374 1148 1417 1720 1875 1938 1388 1825 1753 1997 1702 1580 1545 1071 1914 1192 1292 1973 1974 1531 1040 1060 1168 1299 1938 1776 1570 1610 1585 1318 1522 1787 1852 1522 1452 1673 1521 1923 1618 1611 1517 1195 1742 1202 1487 1827 1031 1822 1373 1709 1396 1318 1115 1607 1462 1288 1604 1066 1288 1673 1790 1784 1112 1705 1950 1310 1795 1263 1869 1642 1087 1311 1413 1036 1646 1477 1209 1257 1866 1807 1375 1160 1746 1079 1293 1946 1652 1071 1634 1767 1818 1716 1504 1348 1935 1185 1271 1480 BCNSPRNW ULIB Ver.6.0+V

เปลี่ยนเป็นภาษาไทย

Change to English
 แสดงรายละเอียดบรรณานุกรม
  กลับหน้าหลัก

Brief Record : Get Marc (ISO 2709) : E-mail record : QR code < ปิดหน้าต่าง
LEADER : 00000nam 2200000uu 4500
001    13399125965
003     ULIB
008    171124s2557||||th 000 0 tha d
060  0 ^aวจWB100^bส691ร
110 1  ^aสำนักงานพัฒนานโยบายสุขภาพระหว่างประเทศ(IHPP) กระทรวงสาธารณสุข ปรเทศไทย
245 10 ^aรายงานวิจัยนำร่องการพัฒนาเครื่องมือและวิธีการเพื่อสำรวจการตีตราและการเลือกปฏิบัติประเด็นเกี่ยวเนื่องกับเอชไอวี/เอดส์ในสถานบริการสุขภาพของประเทศไทย /^cสำนักงานพัฒนานโยบายสุขภาพระหว่างประเทศ(IHPP) กระทรวงสาธารณสุข ปรเทศไทย
260    ^aนนทบุรี:^bสำนักงานพัฒนานโยบายสุขภาพระหว่างประเทศ(IHPP) กระทรวงสาธารณสุข ปรเทศไทย,^c2557
300    ^a165 หน้า :^bตาราง ;^c30 ซม.
650  7 ^aวิจัย-เอชไอวี
945    ^p0^l0^i003405
999    ^aประนอม เกษจรัล
รายการนี้ยังไม่มีแท็ก
คุณยังไม่ได้ล็อกอิน คุณสามารถมีกิจกรรมร่วมกับเว็บไซต์ได้ แต่ต้องล็อกอินก่อน ::
  ล็อกอิน

รายการสื่อสารสนเทศ

ลำดับที่ ประเภท เลขเรียก/บาร์โค้ด สถานที่ สถานะ
1. งานวิจัย
งานวิจัย
วจWB100 ส691ร ฉ.1 
  Barcode: 003405
ห้องสมุดวิทยาเขตสวรรค์ประชารักษ์
►วิจัย
บนชั้น

BibComment


ยังไม่เคยถูกคอมเมนท์

คอมเมนท์ทรัพยากรรายการนี้
  คอมเมนท์: รายงานวิจัยนำร่อ..


 Copyright 2026. Bcnsprnw @Library